Adolphe Appia : texts on theatre

Bibliographic Details
Main Author: Beacham, Richard C
Format: Book
Published: London : Routledge , 1993
Subjects:

MARC

LEADER 00000cam a2200000 7i4500
001 0000001471
002 000001617
005 20000330.0
020 |a 0415068231 
090 0 0 |a 792   |b BEA 
100 1 |a Beacham, Richard C 
245 1 0 |a Adolphe Appia :   |b texts on theatre   |c Richard C. Beacham 
260 |a London :   |b Routledge ,   |c 1993 
300 |a 249p. :   |b ill. ;   |c 24cm. 
650 0 0 |a Theater 
999 |a 034451   |b BUKU   |c PINJAMAN   |e PERPUSTAKAAN KOMUNITI PETALING JAYA